00643nam a22002177a 4500003000500000005001700005008004100022010001000063011001000073035001000083040000900093082002000102110007000122245004900192260005900241300001100300490003100311650003500342650001700377830003100394CHAP20220817042433.0971013s1975 r 00010 d a44614 a45586 a49725 cCHAP a634.81bI5 1975 aMéxico. INIA. Centro de Investigaciones Agrícolas del Noreste aDía del viticultor (7o.): Comarca Lagunera a(Matamoros de La Laguna, Coah.) :bEl Instituto,c1975 a345 p. aAvances de investigación14aComarca LaguneraxViticultura.14aViticultura.0 aAvances de investigación